Trujillo, Bosch y yo y el desafio / (Registro nro. 8050)

Detalles MARC
000 -LIDER
fixed length control field 01321nam a2200349 a 4500
001 - NÚMERO DE CONTROL
Identificador de número de control 000029947
003 - IDENTIFICACDOR DE NÚMERO DE CONTROL
control field DO-SdBNP
005 - DATE AND TIME OF LATEST TRANSACTION
control field 20170925104859.0
007 - CAMPOS FIJOS DE DESCRIPCIÓN FÍSICA
fixed length control field 000029947
008 - ELEMENTOS DE LONGITUD FIJA
fixed length control field 090723s1971 dr 000 0 spa d
040 ## - FUENTE DE CATALOGACIÓN
Agencia que crea de manera original el registro BPMSU
Idioma de catalogación spa
Agencia que realiza la transcripción BPMSU
082 #4 - NÚMERO DE CLASIFICACIÓN DECIMAL DE DEWEY
Classification number 320.97293
Item number E77t, 1971
100 1# - ASIENTO PRINCIPAL -- NOMBRE PERSONAL
Nombre personal Espinal, Andrés Julio,
245 10 - MENCIÓN DE TITULO
Título Trujillo, Bosch y yo y el desafio /
Mención de responsabilidad Andrés Julio Espinal.
250 ## - MENCIÓN DE EDICION
Mención de edición 2a ed. corr. y aum.
260 ## - PUBLICACIÓN, DISTRIBUCIÓN, ETC. (PIE DE IMPRENTA)
Lugar de publicación, distribución, etc Santo Domingo :
Nombre del editor, distribuidor, etc. Arte y Cine,
Fecha de publicación, distribución, etc 1971.
300 ## - DESCRIPCIÓN FÍSICA
Extensión 308 p. ;
Dimensiones 18 cm.
500 ## - NOTA GENERAL
Nota general Publicaciones del Frente Nacional Mantenedor de la Democracia Representativa en la República Dominicana
600 14 - ENCABEZAMIENTO DE MATERIA--NOMBRE PERSONAL
Nombre personal BOSCH, JUAN,
Fechas asociadas con el nombre 1909-2001
600 14 - ENCABEZAMIENTO DE MATERIA--NOMBRE PERSONAL
Nombre personal TRUJILLO MOLINA, RAFAEL LEÓNIDAS,
Fechas asociadas con el nombre 1891-1961
651 #4 - ENCABEZAMIENTO DE MATERIA--NOMBRE GEOGRÁFICO
Nombre geográfico REPÚBLICA DOMINICANA
Subdivisión temática general POLÍTICA Y GOBIERNO
Subdivisión cronológica 1930-1961
651 #4 - ENCABEZAMIENTO DE MATERIA--NOMBRE GEOGRÁFICO
Nombre geográfico REPÚBLICA DOMINICANA
Subdivisión temática general POLÍTICA Y GOBIERNO
Subdivisión cronológica 1961-
651 #4 - ENCABEZAMIENTO DE MATERIA--NOMBRE GEOGRÁFICO
Nombre geográfico REPÚBLICA DOMINICANA
Subdivisión temática general HISTORIA
Subdivisión cronológica ERA DE TRUJILLO, 1930-1961
910 ## - VALIDACIÓN
Validación Validado. Control de calidad MFF
930 #1 - EQUIVALENCE OR CROSS-REFERENCE-UNIFORM TITLE HEADING [LOCAL, CANADA]
Language of a work BND01
Medium of performance for music LF1
Medium 320.97293
Field link and sequence number 20110427
Date of a work 04
Name of part/section of a work HD
942 ## - ADDED ENTRY ELEMENTS (KOHA)
Source of classification or shelving scheme Dewey Decimal Classification
Koha item type Libros
945 ## - INFORMACIÓN DE PROCESAMIENTO LOCAL
Información de procesamiento local Inventariado, 2017/MFF
956 ## - LOCAL ELECTRONIC LOCATION AND ACCESS (OCLC)
Nombre de host BTAVAREZ
Número de acceso 10
Información de compresión 20110427
Inicio de sesión BND01
Procesador de solicitud 1446
956 ## - LOCAL ELECTRONIC LOCATION AND ACCESS (OCLC)
Nombre de host YPOLANCO
Número de acceso 04
Información de compresión 20110427
Inicio de sesión BND01
Procesador de solicitud 1522
956 ## - LOCAL ELECTRONIC LOCATION AND ACCESS (OCLC)
Nombre de host MMOLINA
Número de acceso 40
Información de compresión 20110831
Inicio de sesión BND01
Procesador de solicitud 0920
956 ## - LOCAL ELECTRONIC LOCATION AND ACCESS (OCLC)
Nombre de host VMATEO
Número de acceso 10
Información de compresión 20150803
Inicio de sesión BPMSU
Procesador de solicitud 00151
Existencias
Withdrawn status Lost status Source of classification or shelving scheme Damaged status Not for loan Collection code Home library Current library Date acquired Total Checkouts Full call number Barcode Date last seen Price effective from Koha item type
    Dewey Decimal Classification       Biblioteca Pública Metropolitana Salomé Ureña Biblioteca Pública Metropolitana Salomé Ureña 08/03/2015   320.97293 E77t 1971 BPMSU15080020 08/03/2015 08/03/2015 Libros